Lecciones elementales de política (Registro nro. 5318)

Detalles MARC
000 -LEADER
fixed length control field 01549 a2200217 4500
001 - CONTROL NUMBER
control field 54001
005 - DATE AND TIME OF LATEST TRANSACTION
control field 20260407155810.0
008 - FIXED-LENGTH DATA ELEMENTS--GENERAL INFORMATION
fixed length control field 260407a2005 arg spa d
003 - CONTROL NUMBER IDENTIFIER
control field AR-UNSa-BCEJYS
040 ## - CATALOGING SOURCE
Original cataloging agency AR-UNSa-BCEJYS
Language of cataloging spa
Transcribing agency AR-UNSa-BCEJYS
080 ## - UNIVERSAL DECIMAL CLASSIFICATION NUMBER
Universal Decimal Classification number 32
Common auxiliary subdivision Política
020 ## - INTERNATIONAL STANDARD BOOK NUMBER
International Standard Book Number 978-950-574-044-4
041 ## - LANGUAGE CODE
Language code of text/sound track or separate title spa
100 1# - MAIN ENTRY--PERSONAL NAME
Personal name Bidart Campos, German J.
245 10 - TITLE STATEMENT
Title Lecciones elementales de política
264 #1 - PRODUCTION, PUBLICATION, DISTRIBUTION, MANUFACTURE, AND COPYRIGHT NOTICE
Place of production, publication, distribution, manufacture Buenos Aires :
Name of producer, publisher, distributor, manufacturer EDIAR
Date of production, publication, distribution, manufacture, or copyright notice 2005
300 ## - PHYSICAL DESCRIPTION
Extent 430 p.
Dimensions 20 cm.
505 ## - FORMATTED CONTENTS NOTE
Formatted contents note 1. Concepto y ámbito de la política - 2. Política,ética y economía - 3. Mundanidad,sociabilidad y ppoliticidad del hombre - 4. Dinámica y estática sociales - 5. El mando y la obediencia - 6. La Nación - 7. La naturaleza del estado - 8. Lo permanente y lo histórico del estado - 9. Origen y justificación del estado - 10. Estado y derecho - 11. La personalidad del estado - 12. El fin del estado - 13. Las causas y los elementos del estado - 14. La soberanía - 15. Formas de estado y formas de gobierno - 16. Descentralización y federalismo - 17. El poder temporal y el poder espiritual - 18. El estao en el orden internacional - 19. Dinámica estatal y comportamiento político - 20. La opinión pública - 21. Las presiones sobre el poder - 22. Los partidos políticos - 23. El sufragio - 24. La resistencia de la opresión - 25. La ordenación constitucional del estado - 26. Poder constitituyente y supremacía de la constitución - 27. Las situaciones de anormalidad
590 ## - LOCAL NOTE (RLIN)
Local note niveau_biblio:m niveau_hierar:0
942 ## - ADDED ENTRY ELEMENTS (KOHA)
Koha item type
Existencias
Withdrawn status Lost status Damaged status Not for loan Home library Current library Shelving location Date acquired Total checkouts Full call number Barcode Date last seen Price effective from Koha item type
        Biblioteca Prof. Eusebio Cleto del Rey Biblioteca Prof. Eusebio Cleto del Rey   07/04/2026   32 B584 L128460 07/04/2026 07/04/2026 Libro